00183 a2200085 4500245002800000100004000028260000900068300001100077035000900088 aRayonnement ultraviolet aOrganisation Mondiale de la Santé c1980 a118 p. a7802